000 00310nam a22001457a 4500
008 230913b ||||| |||| 00| 0 eng d
020 _a9780471179368
041 _aeng
080 _a521
082 _a521SHA
100 _a19
101 _aASTRO
245 _aPLANETARY DREAMS
_cSHAPIRO.R
942 _2udc
_cBK
999 _c60366
_d60366